00329 a2200133 4500001000700000020001800007040001100025100001600036240006000052245005500112300000800167362000900175440001100184185671 a85-01-06515-3 cMagnum aCarter, Lin10aO senhor do senhor dos anéis: o mundo de tolkienlpor10aO senhor do senhor dos anéis: o mundo de tolkien a2210 a2003 1aRecord